[Event "CZE-ch (Women)"]
[Site "Ostrava"]
[Date "2024.04.28"]
[Round "1.1"]
[White "Sikorova, Olga"]
[Black "Nagyova, Daniela"]
[Result "1-0"]
[WhiteElo "2167"]
[BlackElo "1981"]
[PlyCount "87"]
[EventDate "2024.04.28"]
[EventType "k.o."]
[EventRounds "4"]
[EventCountry "CZE"]
[SourceTitle "CB19_2024"]
[SourceDate "2024.05.08"]
[SourceVersion "1"]
[SourceVersionDate "2024.05.08"]
[SourceQuality "1"]

1. Nf3 d5 2. g3 Nf6 3. Bg2 e6 4. 0-0 Nbd7 5. b3 b6 6. Bb2 Bb7 7. c4 c5 8. e3 Be7 9. Nc3 0-0 10. d3 Rc8 11. Qe2 Qc7 12. e4 d4 13. Nd1 e5 14. Nh4 Rfe8 15. Nf5 Nf8 16. Nxe7+ Rxe7 17. Bc1 Ne6 18. f4 exf4 19. gxf4 Nf8 20. Nf2 Rce8 21. f5 N8d7 22. Bg5 Qd6 23. a3 Ne5 24. h3 Rc7 25. Bf4 Nfd7 26. Qd2 f6 27. Kh2 Kh8 28. Bh1 Rg8 29. Rg1 Rcc8 30. Rg3 Rce8 31. Rag1 Qe7 32. Qe2 Qf7 33. Bd2 Bc8 34. b4 Nc6 35. Qd1 Nde5 36. b5 Nb8 37. Bf3 Qc7 38. Bf4 Ref8 39. Bh5 Qe7 40. Bg6 Nbd7 41. Bxh7 g5 42. Bxg8 Rxg8 43. Qh5+ Kg7 44. Bxg5 1-0

[Event "Ceske Budejovice op-A"]
[Site "Ceske Budejovice"]
[Date "2023.07.02"]
[Round "2"]
[White "Nagyova, Daniela"]
[Black "Lau, Yan Han"]
[Result "1/2-1/2"]
[WhiteElo "1836"]
[BlackElo "1363"]
[PlyCount "108"]
[EventDate "2023.07.01"]
[EventType "swiss"]
[EventRounds "9"]
[EventCountry "CZE"]
[SourceTitle "CBM 215 Extra"]
[Source "ChessBase"]
[SourceDate "2023.09.30"]
[SourceVersion "1"]
[SourceVersionDate "2023.09.30"]
[SourceQuality "1"]

1. e4 c6 2. d4 d5 3. e5 c5 4. dxc5 Nc6 5. Nf3 Bg4 6. Bb5 Qa5+ 7. Nc3 e6 8. Be3 Nge7 9. a3 Nf5 10. b4 Qc7 11. Bd4 g6 12. h3 Bxf3 13. gxf3 Bh6 14. 0-0 Qe7 15. Ne2 Qh4 16. Kg2 Qg5+ 17. Kh2 Qh4 18. Rg1 Bf4+ 19. Kg2 0-0 20. Bxc6 bxc6 21. Qd3 a5 22. c3 Rfb8 23. Rh1 Qg5+ 24. Kf1 axb4 25. Rg1 Qh4 26. Nxf4 Qxf4 27. Rg4 Qh2 28. cxb4 Qh1+ 29. Ke2 Qxh3 30. Bc3 h5 31. Rgg1 Qh4 32. a4 Qe7 33. Bd2 Qc7 34. f4 Rb7 35. Rgc1 Qe7 36. Qc3 Qh4 37. b5 Qg4+ 38. Kf1 Qh4 39. b6 Qh1+ 40. Ke2 Qe4+ 41. Kd1 Rxa4 42. f3 Qd4 43. Qxd4 Rxd4 44. Ra8+ Kg7 45. Ke2 Ng3+ 46. Kf2 h4 47. Rc2 Nf5 48. Rca2 Rd3 49. Rc8 h3 50. Ke2 Rb3 51. Raa8 Nh6 52. Ra1 Nf5 53. Raa8 Nh6 54. Ra1 Nf5 1/2-1/2

[Event "CZE-ch U20 Girls"]
[Site "Jaromerice nad Rokytnou"]
[Date "2023.03.14"]
[Round "4"]
[White "Nespora, Tatana"]
[Black "Nagyova, Daniela"]
[Result "1/2-1/2"]
[WhiteElo "1550"]
[BlackElo "1900"]
[PlyCount "59"]
[EventDate "2023.03.11"]
[EventType "tourn"]
[EventRounds "9"]
[EventCountry "CZE"]
[SourceTitle "CBM 213 Extra"]
[Source "ChessBase"]
[SourceDate "2023.05.31"]
[SourceVersion "1"]
[SourceVersionDate "2023.05.31"]
[SourceQuality "1"]

1. e4 e5 2. Nf3 Nc6 3. Bb5 a6 4. Bxc6 dxc6 5. Nc3 Bd6 6. d4 exd4 7. Qxd4 f6 8. Be3 Qe7 9. 0-0-0 Be6 10. Rhe1 c5 11. Qa4+ Bd7 12. Qb3 0-0-0 13. Nd5 Qe6 14. Qc3 b6 15. b4 cxb4 16. Nxb6+ Kb7 17. Qd4 Bb5 18. Na4 Qxa2 19. Qa7+ Kc8 20. Nb6+ cxb6 21. Qa8+ Kc7 22. Bxb6+ Kxb6 23. Qxd8+ Bc7 24. Qd4+ Kb7 25. Qxb4 Qa1+ 26. Kd2 Bf4+ 27. Re3 Bxe3+ 28. fxe3 Qa4 29. Qf8 Qa5+ 30. Kc1 1/2-1/2

[Event "CZE-ch U20 Girls"]
[Site "Jaromerice nad Rokytnou"]
[Date "2023.03.11"]
[Round "1"]
[White "Nagyova, Daniela"]
[Black "Petirova, Iva"]
[Result "1/2-1/2"]
[WhiteElo "1900"]
[BlackElo "1737"]
[PlyCount "83"]
[EventDate "2023.03.11"]
[EventType "tourn"]
[EventRounds "9"]
[EventCountry "CZE"]
[SourceTitle "CBM 213 Extra"]
[Source "ChessBase"]
[SourceDate "2023.05.31"]
[SourceVersion "1"]
[SourceVersionDate "2023.05.31"]
[SourceQuality "1"]

1. e4 c5 2. Nf3 d6 3. d4 cxd4 4. Nxd4 Nf6 5. Nc3 Nc6 6. Bc4 Qb6 7. Nb3 e6 8. Bf4 Ne5 9. Be2 Bd7 10. 0-0 a6 11. Be3 Qc7 12. f4 Nc4 13. Bd4 Nxb2 14. Qc1 Nc4 15. Rb1 Be7 16. Nd2 e5 17. Bxc4 exd4 18. Nd5 Nxd5 19. Bxd5 Bb5 20. Rf2 Rc8 21. Nf3 d3 22. Nd4 Bf6 23. Nxb5 axb5 24. e5 dxe5 25. fxe5 Qxe5 26. Rxb5 Qc3 27. Qe3+ Kd8 28. Bxb7 Rc7 29. Rd5+ Rd7 30. Qb6+ Ke7 31. Qe3+ Kd8 32. Qb6+ Qc7 33. Qxc7+ Kxc7 34. Rxd7+ Kxd7 35. Rd2 Kc7 36. Be4 dxc2 37. Rxc2+ Kb6 38. g3 Re8 39. Bd5 Re7 40. Kg2 Bd4 41. Bb3 f6 42. Bd5 1/2-1/2

[Event "CZE-ch U16 Girls"]
[Site "Luhacovice"]
[Date "2022.03.14"]
[Round "3"]
[White "Markova, Karolina"]
[Black "Nagyova, Daniela"]
[Result "1/2-1/2"]
[WhiteElo "1589"]
[BlackElo "1623"]
[PlyCount "100"]
[EventDate "2022.03.12"]
[EventType "swiss"]
[EventRounds "9"]
[EventCountry "CZE"]
[SourceTitle "EXT 2023"]
[Source "ChessBase"]
[SourceDate "2022.10.05"]
[SourceVersion "1"]
[SourceVersionDate "2022.10.05"]
[SourceQuality "1"]

1. e4 e5 2. Nf3 Nc6 3. d4 exd4 4. Bc4 Nf6 5. e5 Ng4 6. Qe2 Qe7 7. Bf4 d6 8. exd6 Qxe2+ 9. Bxe2 Bxd6 10. Bxd6 cxd6 11. Na3 d3 12. Bxd3 Be6 13. Nb5 0-0-0 14. 0-0 a6 15. Nbd4 Nge5 16. Be2 Kc7 17. Nxe6+ fxe6 18. Ng5 Nd4 19. Bd3 Nxd3 20. cxd3 Rde8 21. Rac1+ Kd7 22. Rfe1 h6 23. Ne4 Rc8 24. Nc3 Rc6 25. Re4 Nb5 26. Rce1 Nxc3 27. bxc3 d5 28. Rg4 g5 29. c4 dxc4 30. dxc4 Rhc8 31. Rge4 Ke7 32. g3 Rb6 33. h4 Rcc6 34. hxg5 hxg5 35. Kg2 Rb2 36. a3 Kf6 37. R1e3 Rc2 38. Rb3 R2xc4 39. Rxc4 Rxc4 40. Rxb7 Rc3 41. Rb8 Rxa3 42. Kh3 Ra4 43. f3 a5 44. Ra8 Kg6 45. Rg8+ Kf6 46. Ra8 Kf5 47. Rf8+ Kg6 48. Rg8+ Kf6 49. Ra8 Kf7 50. Ra7+ Kf6 1/2-1/2

[Event "Skalica op"]
[Site "Skalica"]
[Date "2021.08.23"]
[Round "3"]
[White "Koloditsova, Renata"]
[Black "Nagyova, Daniela"]
[Result "0-1"]
[WhiteElo "1937"]
[BlackElo "1729"]
[PlyCount "54"]
[EventDate "2021.08.21"]
[EventType "swiss"]
[EventRounds "9"]
[EventCountry "SVK"]
[SourceTitle "CBM 204 Extra"]
[Source "ChessBase"]
[SourceDate "2021.11.30"]
[SourceVersion "1"]
[SourceVersionDate "2021.11.30"]
[SourceQuality "1"]

1. d4 Nf6 2. c4 e6 3. g3 d5 4. Nf3 b6 5. Bg2 Bb7 6. 0-0 Be7 7. Nc3 0-0 8. Bg5 h6 9. Bxf6 Bxf6 10. Rc1 Nd7 11. cxd5 exd5 12. Nb5 c5 13. Nd6 Ba6 14. Re1 Qe7 15. Nf5 Qe6 16. Bh3 Kh8 17. Kg2 Qc6 18. Qd2 Bd8 19. dxc5 bxc5 20. Nxh6 Nf6 21. Ne5 Qc7 22. Nhg4 Ne4 23. Qc2 Rc8 24. Nf3 f5 25. Nge5 Qd6 26. Red1 Kg8 27. Nc4 Bxc4 0-1

[Event "Ceske Budejovice op"]
[Site "Ceske Budejovice"]
[Date "2021.07.02"]
[Round "2"]
[White "Hladky, Tadeas"]
[Black "Nagyova, Daniela"]
[Result "1/2-1/2"]
[WhiteElo "1968"]
[BlackElo "1677"]
[PlyCount "75"]
[EventDate "2021.07.01"]
[EventType "swiss"]
[EventRounds "9"]
[EventCountry "CZE"]
[SourceTitle "CBM 203 Extra"]
[Source "ChessBase"]
[SourceDate "2021.09.30"]
[SourceVersion "1"]
[SourceVersionDate "2021.09.30"]
[SourceQuality "1"]

1. e4 e5 2. Nf3 Nc6 3. Bb5 f5 4. Nc3 fxe4 5. Nxe4 Nf6 6. Qe2 Qe7 7. 0-0 d5 8. Nxf6+ gxf6 9. d4 e4 10. Nh4 Be6 11. c4 Kd7 12. cxd5 Bxd5 13. Nf5 Qe6 14. Ne3 f5 15. Qh5 Bd6 16. Qxf5 Qxf5 17. Nxf5 a6 18. Nxd6 axb5 19. Nxb7 Nxd4 20. Rd1 Nc2 21. Rxd5+ Ke6 22. Rxb5 Nxa1 23. a3 Rad8 24. Nxd8+ Rxd8 25. f3 Rd1+ 26. Kf2 Rxc1 27. fxe4 c5 28. a4 c4 29. a5 Nb3 30. a6 Ra1 31. Rb4 Rxa6 32. Rxc4 Ra2 33. Rc2 Nd4 34. Rd2 Nb3 35. Rc2 Nd4 36. Rd2 Nb3 37. Rc2 Nd4 38. Rd2 1/2-1/2

[Event "Plzen Calliditas op"]
[Site "Plzen"]
[Date "2020.08.28"]
[Round "7"]
[White "Nagyova, Daniela"]
[Black "Hercik, Richard"]
[Result "1-0"]
[WhiteElo "1572"]
[BlackElo "1401"]
[PlyCount "71"]
[EventDate "2020.08.23"]
[EventType "swiss"]
[EventRounds "9"]
[EventCountry "CZE"]
[SourceTitle "CBM 198 Extra"]
[Source "ChessBase"]
[SourceDate "2020.11.30"]
[SourceVersion "1"]
[SourceVersionDate "2020.11.30"]
[SourceQuality "1"]

1. e4 e5 2. Nf3 Nf6 3. Nxe5 d6 4. Nf3 Nxe4 5. Nc3 Nxc3 6. dxc3 Be7 7. Be3 0-0 8. Qd2 h6 9. Bd3 Bg4 10. 0-0-0 c5 11. h3 Be6 12. Kb1 c4 13. Be4 Qc7 14. g4 f5 15. gxf5 Bxf5 16. Qd5+ Rf7 17. Bxf5 Nc6 18. Be6 Raf8 19. Qxc4 Bd8 20. Nd4 Bf6 21. Nxc6 bxc6 22. Bxf7+ Rxf7 23. Bd4 d5 24. Qd3 Be7 25. Rhg1 Qf4 26. Bxa7 Bh4 27. Bd4 Bxf2 28. Bxf2 Qxf2 29. Rgf1 Qa7 30. Rxf7 Qxf7 31. a3 Qe6 32. Qg3 Qf6 33. Re1 Qf7 34. Qd6 Qf5 35. Qe6+ Qxe6 36. Rxe6 1-0

[Event "Plzen Calliditas op"]
[Site "Plzen"]
[Date "2020.08.23"]
[Round "1"]
[White "Nagyova, Daniela"]
[Black "Bechynsky, Jan"]
[Result "0-1"]
[WhiteElo "1572"]
[BlackElo "1955"]
[PlyCount "110"]
[EventDate "2020.08.23"]
[EventType "swiss"]
[EventRounds "9"]
[EventCountry "CZE"]
[SourceTitle "CBM 198 Extra"]
[Source "ChessBase"]
[SourceDate "2020.11.30"]
[SourceVersion "1"]
[SourceVersionDate "2020.11.30"]
[SourceQuality "1"]

1. e4 Nf6 2. e5 Nd5 3. Nc3 Nb6 4. d4 d6 5. exd6 exd6 6. Nf3 Be7 7. Be3 0-0 8. Bd3 Bg4 9. h3 Bh5 10. g4 Bg6 11. Bxg6 fxg6 12. Qe2 d5 13. 0-0-0 Nc4 14. h4 Nxe3 15. Qxe3 c6 16. Kb1 Nd7 17. g5 Qe8 18. Rde1 Bb4 19. Qd3 Qf7 20. Re3 Rae8 21. Rhe1 Rxe3 22. Rxe3 Nb6 23. Nd1 Qf4 24. b3 c5 25. c3 c4 26. Qf1 Bd6 27. Qh3 cxb3 28. axb3 a5 29. Ne5 Bxe5 30. Rxe5 Kh8 31. h5 gxh5 32. Qxh5 Nd7 33. Re3 Qf5+ 34. Kb2 Nf6 35. Qh4 Ne4 36. f3 Nxg5 37. Re5 Qxf3 38. Qxg5 Qxd1 39. Rf5 Qe2+ 40. Ka3 Re8 41. Rxd5 h6 42. Qf5 Qe7+ 43. Ka4 b6 44. Rd7 Qe2 45. Qd5 Qc2 46. Rc7 Rb8 47. Rb7 Rxb7 48. Qxb7 Qa2+ 49. Kb5 Qxb3+ 50. Ka6 a4 51. Qc6 a3 52. c4 Qc2 53. Kxb6 a2 54. Qa8+ Kh7 55. Kc5 Qb1 0-1

[Event "Ceske Budejovice op-A"]
[Site "Ceske Budejovice"]
[Date "2020.07.09"]
[Round "9"]
[White "Nezval, Filip1111"]
[Black "Nagyova, Daniela"]
[Result "1-0"]
[WhiteElo "1982"]
[BlackElo "1498"]
[PlyCount "57"]
[EventDate "2020.07.01"]
[EventType "swiss"]
[EventRounds "9"]
[EventCountry "CZE"]
[SourceTitle "CBM 197 Extra"]
[Source "ChessBase"]
[SourceDate "2020.09.30"]
[SourceVersion "1"]
[SourceVersionDate "2020.09.30"]
[SourceQuality "1"]

1. d4 Nf6 2. c4 e6 3. Nc3 Bb4 4. e3 b6 5. Nge2 Bb7 6. a3 Bxc3+ 7. Nxc3 0-0 8. Bd3 c5 9. 0-0 d5 10. cxd5 cxd4 11. exd4 Nxd5 12. Qh5 Nf6 13. Qh4 Nbd7 14. Bg5 Qc7 15. Rac1 Qb8 16. Rfe1 Re8 17. Re3 e5 18. Rce1 e4 19. Nxe4 Nxe4 20. Bxe4 Bxe4 21. Rxe4 Rxe4 22. Qxe4 Nf8 23. f4 Ne6 24. Be7 Qe8 25. f5 Rc8 26. Bd6 Qd7 27. fxe6 Qxd6 28. exf7+ Kf8 29. Qe8+ 1-0

[Event "Ceske Budejovice op-A"]
[Site "Ceske Budejovice"]
[Date "2020.07.04"]
[Round "4"]
[White "Nagyova, Daniela"]
[Black "Lys, Josef"]
[Result "0-1"]
[WhiteElo "1498"]
[BlackElo "2124"]
[PlyCount "74"]
[EventDate "2020.07.01"]
[EventType "swiss"]
[EventRounds "9"]
[EventCountry "CZE"]
[SourceTitle "CBM 197 Extra"]
[Source "ChessBase"]
[SourceDate "2020.09.30"]
[SourceVersion "1"]
[SourceVersionDate "2020.09.30"]
[SourceQuality "1"]

1. e4 c6 2. Nc3 d5 3. Nf3 Nf6 4. e5 Ne4 5. d3 Nxc3 6. bxc3 e6 7. d4 c5 8. Bb5+ Nc6 9. 0-0 Qa5 10. Bxc6+ bxc6 11. Bd2 Ba6 12. Re1 Qc7 13. Be3 cxd4 14. cxd4 Be7 15. c3 Qa5 16. Qc2 Rc8 17. Nd2 Ba3 18. c4 0-0 19. Nb3 Qa4 20. c5 Bc4 21. Red1 Rb8 22. Rab1 h6 23. f4 Rb7 24. f5 exf5 25. Qxf5 Bxb3 26. axb3 Rxb3 27. Qc2 Rfb8 28. Ra1 Qc4 29. Qd2 Rb2 30. Qa5 Qe2 31. Bd2 Bb4 32. Qa6 Qxa6 33. Rxa6 Rxd2 34. Rb1 Rxd4 35. Ra4 Kh7 36. Rxa7 Bxc5 37. Rxb8 Rd1# 0-1

[Event "CZE-ch U14 Girls"]
[Site "Kouty nad Desnou"]
[Date "2020.03.11"]
[Round "6"]
[White "Nagyova, Daniela"]
[Black "Hosova, Sandra"]
[Result "1-0"]
[WhiteElo "1560"]
[BlackElo "1297"]
[PlyCount "65"]
[EventDate "2020.03.07"]
[EventType "swiss"]
[EventRounds "7"]
[EventCountry "CZE"]
[SourceTitle "CBM 195 Extra"]
[Source "ChessBase"]
[SourceDate "2020.05.31"]
[SourceVersion "1"]
[SourceVersionDate "2020.05.31"]
[SourceQuality "1"]

1. e4 c5 2. Nf3 Nc6 3. d4 cxd4 4. Nxd4 g6 5. Nc3 Bg7 6. Be3 Nf6 7. Bc4 d6 8. f3 0-0 9. Bb3 Bd7 10. Qd2 a6 11. 0-0-0 b5 12. g4 b4 13. Nd5 a5 14. h4 a4 15. Nxf6+ Bxf6 16. Bd5 Qc8 17. Bxc6 b3 18. Bd5 e6 19. a3 exd5 20. exd5 Qb7 21. c3 Qxd5 22. h5 g5 23. h6 Rac8 24. Rh5 Rc5 25. Qf2 Bxd4 26. Bxd4 Qc4 27. Bxc5 dxc5 28. Rxd7 f6 29. Qd2 Qf1+ 30. Qd1 Qf2 31. Rxg5+ fxg5 32. Qd5+ Kh8 33. Qe5+ 1-0